Guerras, paces y vidas entrelazadas

Detalles Bibliográficos
Autor principal: Prieto Sanabria, Juan Diego
Formato: eBook
Lenguaje:español
Publicado: Bogot:̀ Universidad de Los Andes (Colombia), 2012
Materias:
Acceso en línea:Acceso restringido

MARC

LEADER 00000nam a22000007a 4500
005 20190708162834.0
007 cr|||| ||||
008 190708s2012 co |||||s|||| 00||0 spa d
020 |a 978-958-695-813-4 
035 |a 23835 
040 |a vLex 
090 |c 9008  |d 9008 
100 1 |a Prieto Sanabria, Juan Diego 
245 1 0 |a Guerras, paces y vidas entrelazadas  |h [Recurso electrn̤ico] /  |c Juan Diego Prieto Sanabria 
256 |a Servicio en ln̕ea 
260 |a Bogot:̀  |b Universidad de Los Andes (Colombia),  |c 2012 
300 |a 1 recurso electrn̤ico 
506 1 |a Disponible solo en los productos indicados  |d vLex Global  |d vLex Global (Academic Edition, excluding Law Schools)  |d vLex Global (U.S. Academic Edition, Law Schools)  |d vLex Global (U.S. Academic Edition, excluding Law Schools)  |d vLex Global (Academic Edition, Law Schools) 
650 0 4 |a Derecho Pb︢lico y Administrativo  |z Colombia 
740 0 |a vLex Libros (Servicio en ln̕ea) 
856 4 0 |u http://vlex.com/source/guerras-paces-vidas-entrelazadas-23835  |z Acceso restringido 
942 |c BOOK 
999 0 |a Public and Administrative Law